Project management : achieving project bottom-line success

This title presents the keys to making every project a bottom-line success - from start to finish! In business, every brilliant idea must first answer a simple question before approval or implementation: How will it impact the bottom line? That's why if overseeing capital improvement projects f...

Descrizione completa

Salvato in:
Dettagli Bibliografici
Autore principale: Pinkerton, William J.
Natura: Libro
Lingua:Undetermined
Pubblicazione: New York,London McGraw-Hill 2003
Soggetti:
Tags: Aggiungi Tag
Nessun Tag, puoi essere il primo ad aggiungerne! !
Thư viện lưu trữ: Trung tâm Học liệu Trường Đại học Cần Thơ
LEADER 01064nam a2200217Ia 4500
001 CTU_168264
008 210402s9999 xx 000 0 und d
020 |c 34.99 
082 |a 658.404 
082 |b P655 
100 |a Pinkerton, William J. 
245 0 |a Project management : 
245 0 |b achieving project bottom-line success 
245 0 |c William J. Pinkerton. 
260 |a New York,London 
260 |b McGraw-Hill 
260 |c 2003 
520 |a This title presents the keys to making every project a bottom-line success - from start to finish! In business, every brilliant idea must first answer a simple question before approval or implementation: How will it impact the bottom line? That's why if overseeing capital improvement projects from conception to completion is part of your work, "Project Management: Achieving Project Bottom-Line Succe  |"  is the one book you must keep within your reach at all times 
650 |a Project management,Quản lý dự án 
904 |i Năm 
980 |a Trung tâm Học liệu Trường Đại học Cần Thơ